Educational reform and innovation in the Asia-Pacific : (Record no. 39363)
[ view plain ]
| 000 -LEADER | |
|---|---|
| fixed length control field | 00741cam a2200193 a 4500 |
| 005 - DATE AND TIME OF LATEST TRANSACTION | |
| control field | 20150811121429.0 |
| 008 - FIXED-LENGTH DATA ELEMENTS--GENERAL INFORMATION | |
| fixed length control field | 130610s 000 0 eng d |
| 020 ## - INTERNATIONAL STANDARD BOOK NUMBER | |
| International Standard Book Number | 9789715555623 |
| 245 00 - TITLE STATEMENT | |
| Title | Educational reform and innovation in the Asia-Pacific : |
| Remainder of title | advances in research / |
| Statement of responsibility, etc | edited by Allan B.I. Bernardo, Marianne Jennifer M. Gaerlan. |
| 260 ## - PUBLICATION, DISTRIBUTION, ETC. (IMPRINT) | |
| Place of publication, distribution, etc | Manila, Philippines : |
| Name of publisher, distributor, etc | De La Salle University Publishing House, |
| Date of publication, distribution, etc | 2013. |
| 300 ## - PHYSICAL DESCRIPTION | |
| Extent | 308 pages ; |
| Dimensions | 23 cm. |
| 650 #0 - SUBJECT ADDED ENTRY--TOPICAL TERM | |
| Topical term or geographic name as entry element | Educational change |
| Geographic subdivision | Asia. |
| 650 #0 - SUBJECT ADDED ENTRY--TOPICAL TERM | |
| Topical term or geographic name as entry element | Eductional change |
| Geographic subdivision | Pacific Area. |
| 650 #0 - SUBJECT ADDED ENTRY--TOPICAL TERM | |
| Topical term or geographic name as entry element | Education |
| General subdivision | Research |
| Geographic subdivision | Asia. |
| 650 #0 - SUBJECT ADDED ENTRY--TOPICAL TERM | |
| Topical term or geographic name as entry element | Education |
| General subdivision | Research |
| Geographic subdivision | Pacific Area. |
| 700 1# - ADDED ENTRY--PERSONAL NAME | |
| Personal name | Bernardo, Allan B. I. |
| 700 1# - ADDED ENTRY--PERSONAL NAME | |
| Personal name | Gaerlan, Marianne Jennifer M. |
| 942 ## - ADDED ENTRY ELEMENTS (KOHA) | |
| Source of classification or shelving scheme | Library of Congress Classification |
| Item type | Books |
| Withdrawn status | Lost status | Source of classification or shelving scheme | Damaged status | Not for loan | Home library | Current library | Shelving location | Date acquired | Source of acquisition | Cost, normal purchase price | Inventory number | Total Checkouts | Full call number | Barcode | Date last seen | Price effective from | Koha item type |
|---|---|---|---|---|---|---|---|---|---|---|---|---|---|---|---|---|---|
| Library of Congress Classification | BSOP Library | BSOP Library | Filipiniana | 08/11/2015 | 865.00 | 37252 | LA217.2 Ed8b 2013 | 00047252 | 08/11/2015 | 08/11/2015 | Books |
